000 00602cam a2200217 a 4500
001 500441
005 20180119070631.0
008 851004s1986 azua 001 0 eng
010 _a 85081858
020 _a0895863723 (pbk.) :
_c$9.95
040 _aDLC
_cDLC
_dDLC
041 _aeng
080 _a635.977 DER
082 0 0 _a635.977 DER
_219
100 1 _a9
101 _aMJE
245 1 0 _aTrees & shrubs /
_cby Derek Fell ; photography by Derek Fell ; illustrations by Joan Frain.
740 0 _aTrees and shrubs.
906 _a7
_bcbc
_corignew
_d2
_eopcn
_f19
_gy-gencatlg
942 _2ddc
_cBK
999 _c40573
_d40573